Operations and Supply Management (Record no. 4527)

MARC details
005 - DATE AND TIME OF LATEST TRANSACTION
control field 20250620122547.0
020 ## - INTERNATIONAL STANDARD BOOK NUMBER
International Standard Book Number 978-0-07-722893-4
082 ## - DEWEY DECIMAL CLASSIFICATION NUMBER
Classification number 658.5 JAC
100 ## - MAIN ENTRY--PERSONAL NAME
Author name JACOBS, R. F
245 ## - TITLE STATEMENT
Title Operations and Supply Management
250 ## - EDITION STATEMENT
Edition statement 12th Ed.
260 ## - PUBLICATION, DISTRIBUTION, ETC.
Place of publication, distribution, etc. New York
Name of publisher, distributor, etc. McGraw-Hill Irwin
Date of publication, distribution, etc. 2009.
300 ## - PHYSICAL DESCRIPTION
Extent xix, 776p.: ill.; figures, tables, pictures
Other physical details Appendix, Index
Dimensions 28cm
700 ## - ADDED ENTRY--PERSONAL NAME
Other authors/Editors Richard B. Chase
700 ## - ADDED ENTRY--PERSONAL NAME
Other authors/Editors Nicholas J. Aquilano
942 ## - ADDED ENTRY ELEMENTS (KOHA)
Source of classification or shelving scheme Dewey Decimal Classification
Koha item type Books
Holdings
Date last seen Total checkouts Full call number Barcode Cost, replacement price Price effective from Koha item type Lost status Source of classification or shelving scheme Damaged status Not for loan Withdrawn status Home library Current library Shelving location Date acquired Source of acquisition Cost, normal purchase price
06/20/2025   658.5 JAC MZA0001664 204000.00 06/20/2025 Books   Dewey Decimal Classification       CBE Mwanza CBE Mwanza General Collection 09/08/2017 Library Budget 68000.00
06/21/2025   658.5 JAC MZA0001673 204000.00 06/21/2025 Books   Dewey Decimal Classification       CBE Mwanza CBE Mwanza General Collection 08/09/2017 Library Budget 68000.00